000 00718nam a22002653 4500
999 _c8664
_d8664
001 8664
003 BD-JhCC
005 20180712115016.0
008 931015s2008 enk 000 0
020 _a9780756636715
035 _a(BD-JhCC)8664
040 _aBD-JhCC
_dBD-JhCC
041 _aeng
082 _a649.1
_bGRO 2008
245 1 0 _aGrowing up! :
_bA parent's guide to childhood /
_cCarol Cooper...[et.all] and Consultant editor Dr. Kate Cronan
260 _aLond. &c.
_cc2008.
300 _ccm.18
_a320 p. :
_bill. ;
504 _aIncludes Index.
650 _aParenting
650 _aChild rearing
700 _aCooper, Carol
700 _aCronan, Dr. Kate
942 _2ddc
_cBK